000 00478nam a2200181Ia 4500
003 LK-CoDNM
008 010623t2004 xxu||||| |||| 00| 1 sin d
040 _aLK-CoDNM
_dLK-CoDNM
_eLK-CoDNM
041 _asin
080 _ax 92 JAT
100 _aArangalla, Rukmani
245 _aඅපේ ජාතික වීරයෝ
246 _aApe jathika wrreayo
260 _bMasitha prakashakayo
_aDankotuwa
_c2004
300 _b112, 21.5 cm
650 _aBiography
942 _cBK
999 _c123585
_d123585